Volksabstimmungen in Europa Regelungen und Praxis im internationalen Vergleich

Bibliographic Details
Main Authors: Rehmet, Frank, 1971- (Author), Weber, Tim Willy, 1971- (Author), Wagner, Neelke, 1978- (Author)
Format: Book
Language:German
PhysicalDescription:202 strán grafy, tabuľky 21 cm
Published: Opladen Berlin Toronto Verlag Barbara Budrich 2020
ISBN:9783847422754
Subjects:

MARC

LEADER 00000nam a2200000 4500
001 vtls012132200
003 SK-MaSNL
005 20260301055447.0
008 220425s2020 gw dl frn 000 0 ger
015 |a SNBZSA2024/01 
020 |a 9783847422754  |q (brožované) 
040 |a SNK  |b slo  |c SNK  |e rda 
041 0 |a ger 
043 |a e------ 
044 |a gw  |c DE  |a xxc  |c CA 
072 7 |a 342  |x Ústavné právo. Správne právo  |2 konspekt 
080 |a 342.573  |2 2011 
080 |a 34  |2 2011 
080 |a (4)  |2 2011 
080 |a (048.8)  |2 2011 
080 |a (048.8:082)  |2 2011 
100 1 |a Rehmet, Frank,  |d 1971-  |4 aut  |9 369115 
245 1 0 |a Volksabstimmungen in Europa  |b Regelungen und Praxis im internationalen Vergleich  |c Frank Rehmet, Neelke Wagner, Tim Willy Weber 
264 1 |a Opladen  |a Berlin  |a Toronto  |b Verlag Barbara Budrich  |c 2020 
300 |a 202 strán  |b grafy, tabuľky  |c 21 cm 
336 |a text  |b txt  |2 rdacontent 
337 |a bez média  |b n  |2 rdamedia 
338 |a zväzok  |b nc  |2 rdacarrier 
500 |a Poznámky. Profesionálne pôsobenie autorov. Zoznam obrázkov. Zoznam tabuliek 
504 |a Bibliografia na strane 194-197 
650 0 7 |a priama demokracia  |2 SNKPH  |9 4498 
650 0 7 |a Direct democracy  |2 SNKPHeng  |9 253201 
650 0 7 |a referendum  |2 SNKPH  |9 4497 
650 0 7 |a referendum  |2 SNKPHeng  |9 4497 
650 0 7 |a právne predpisy  |2 SNKPH  |9 1155 
650 0 7 |a Legal regulations  |2 SNKPHeng  |9 278724 
651 7 |a Európa  |2 SNKPHgeo  |9 167569 
651 7 |a Europe  |2 SNKPHeng  |9 56249 
655 7 |a kolektívne monografie  |2 SNKPH  |9 249850 
655 7 |a Collective monographs  |2 SNKPHeng  |9 125747 
655 7 |a Comparative studies  |2 SNKPHeng  |9 304951 
655 7 |a porovnávacie štúdie  |2 SNKPH  |9 70557 
700 1 |a Weber, Tim Willy,  |d 1971-  |4 aut  |9 369116 
700 1 |a Wagner, Neelke,  |d 1978-  |4 aut  |9 369117 
852 |a Slovenská národná knižnica 
919 |a 978-3-8474-2275-4 
954 |a odborná, vedecká literatúra cudzojazyčná (svetová)  |2 lita 
958 |a ZS 
958 |a NB 
999 |c 613407  |d 615337 
952 |a SNK  |b SNK  |y PREZ  |7 0  |p 17A1492406  |o snkSC 198504  |i snk2022/11633  |8 4  |g 28.07  |0 0  |1 0  |4 0  |d 2022-04-25  |l 0  |r 2025-10-21 00:00:00  |w 2026-02-23